000 01023nam a2200313 i 4500
001 8455
003 KOSZ 005
005 20191104101848.0
008 071022s1969 pl a f 000 0 pol
015 _aPB 1969/4866
040 _aWA N
_cWA N
_dKOSZ 005/KK
_dKOSZ 005/HR
046 _k1969
080 _a621.38
100 1 _aWolski, Ryszard
_eAutor
245 1 0 _aUrządzenia tranzystorowe :
_bwybrane rozwiązania układowe /
_cRyszard Wolski.
250 _aWyd. 2 popr.
260 _aWarszawa :
_bWydawnictwa Naukowo-Techniczne,
_c1969.
300 _a339, [1] s., [18] k. tabl. :
_bil. ;
_c25 cm.
380 _aKsiążki.
388 _a1901-2000
500 _aDruk z klisz.
504 _aBibliogr. przy rozdz.
658 _aInżynieria i technika
650 4 _aTranzystory
650 4 _aUrządzenia
710 2 _aWydawnictwa Naukowo-Techniczne
_4pbl.
856 _uhttp://koha.tu.koszalin.pl/cgi-bin/koha/opac-detail.pl?biblionumber=8455
_yKatalog online BPK
942 _2UKD
_cKS
999 _c8455
_d8455